[Event "XXII Festival Conca della Presolana Magistrale"]
[Site "Bratto - Castione della Presolana ITA"]
[Date "2002.08.20"]
[Round "1"]
[White "Dervishi, Erald"]
[Black "Bertazzo, Giorgio"]
[Result "1-0"]
[WhiteElo "2523"]
[BlackElo "2158"]
[PlyCount "51"]
[EventDate "2002.08.20"]

1.e4 c5 2.Nf3 d6 3.d4 cxd4 4.Nxd4 Nf6 5.Nc3 a6 6.Be2 e5 7.Nb3 Be7 8.O-O 
O-O 9.Kh1 Be6 10.f4 Qc7 11.f5 Bc4 12.g4 d5 13.g5 Nxe4 14.Nxe4 dxe4 15.f6 
Bd6 16.Bxc4 Qxc4 17.Be3 Rd8 18.fxg7 Kxg7 19.Nd2 Qd5 20.c4 Qd3 21.Qh5 Rd7 
22.Rf6 Nc6 23.Raf1 Nd8 24.Rh6 Qxe3 25.Rxh7+ Kf8 26.Qh6+ 1-0

[Event "XXII Festival Conca della Presolana Magistrale"]
[Site "Bratto - Castione della Presolana ITA"]
[Date "2002.08.20"]
[Round "1"]
[White "Di Paolo, Raffaele"]
[Black "Tirrito, Luca"]
[Result "1-0"]
[WhiteElo "2319"]
[BlackElo "2081"]
[PlyCount "55"]
[EventDate "2002.08.20"]

1.e4 e5 2.f4 Nf6 3.Nf3 Nxe4 4.d3 Nc5 5.fxe5 d5 6.d4 Ne6 7.Bd3 c5 8.c3 Nc6 
9.Be3 Qb6 10.Qd2 Be7 11.O-O cxd4 12.cxd4 Bd7 13.Nc3 Nc7 14.Rac1 Nd8 15.Kh1
Nde6 16.a3 Rd8 17.b4 a6 18.Qf2 O-O 19.Nh4 g6 20.Nf5 gxf5 21.Na4 Qa7 22.
Qg3+ Kh8 23.Qh3 Rg8 24.Bxf5 Ng5 25.Bxg5 Bxf5 26.Rxf5 Bxg5 27.Rxf7 h6 28.
Rcxc7 1-0

[Event "XXII Festival Conca della Presolana Magistrale"]
[Site "Bratto - Castione della Presolana ITA"]
[Date "2002.08.20"]
[Round "1"]
[White "Drabke, Lorenz Maximilian"]
[Black "Osuna Munoz, Xavier"]
[Result "1-0"]
[WhiteElo "2362"]
[BlackElo "2113"]
[PlyCount "57"]
[EventDate "2002.08.20"]

1.e4 c5 2.Nf3 e6 3.c4 Nc6 4.Nc3 d6 5.d4 cxd4 6.Nxd4 Nf6 7.Nc2 Be7 8.g3 O-O
9.Bg2 a6 10.O-O Qc7 11.b3 b6 12.Bb2 Bb7 13.f4 Rad8 14.Kh1 Rd7 15.Qe2 Nd8 
16.Rad1 Bc6 17.g4 Qb7 18.g5 Ne8 19.Qh5 f5 20.Nd4 g6 21.Qe2 e5 22.Nxc6 Nxc6
23.exf5 Rxf5 24.Bd5+ Kh8 25.Qe4 Rc7 26.fxe5 Qc8 27.exd6 Bxd6 28.Nb5+ Ne5 
29.Nxd6 1-0

[Event "XXII Festival Conca della Presolana Magistrale"]
[Site "Bratto - Castione della Presolana ITA"]
[Date "2002.08.20"]
[Round "1"]
[White "Drazic, Sinisa"]
[Black "Agnelli, Francesco"]
[Result "1-0"]
[WhiteElo "2486"]
[BlackElo "2146"]
[PlyCount "135"]
[EventDate "2002.08.20"]

1.c4 Nf6 2.Nc3 g6 3.d4 Bg7 4.e4 d6 5.h3 O-O 6.Be3 e5 7.d5 Nh5 8.g3 Nd7 9.
Be2 Nhf6 10.Nf3 Nc5 11.Nd2 a5 12.g4 Nfd7 13.Rg1 Kh8 14.Qc2 a4 15.O-O-O Nb6
16.h4 Bd7 17.h5 g5 18.Ndb1 h6 19.Na3 Bf6 20.Kb1 Be7 21.Ncb5 Qb8 22.Rd2 c6 
23.Nc3 f6 24.Rc1 Bd8 25.Qd1 Bc7 26.f3 Rf7 27.Qf1 Qf8 28.Kc2 Bc8 29.Kd1 
Nbd7 30.Ke1 Ba5 31.Kf2 Bb6 32.Qd1 Bc7 33.Kg2 Kg7 34.Qg1 Kh7 35.Bd1 Kg7 36.
Bc2 Kh7 37.Qd1 Nb6 38.Ra1 Kg7 39.b4 axb3 40.axb3 cxd5 41.cxd5 Bd7 42.Qf1 
Qc8 43.Qe2 Bb8 44.Nd1 Be8 45.Bf2 Kh7 46.Ne3 Bd7 47.Bd1 Qe8 48.Rda2 Bc7 49.
Qd2 Rf8 50.Rc1 Qb8 51.Bc2 Rc8 52.Rca1 Bd8 53.Nd1 Be8 54.Nc3 Nbd7 55.Bd1 
Nb6 56.Be3 Nbd7 57.Ne2 Nb6 58.Ng3 Nbd7 59.Bc2 Nb6 60.Qf2 Nbd7 61.Nf5 Nf8 
62.Nxd6 Nxb3 63.Bxb3 Qxd6 64.Nc4 Rxa2 65.Nxd6 Rxf2+ 66.Bxf2 Rc3 67.Bd1 Bd7
68.Nxb7 1-0

[Event "XXII Festival Conca della Presolana Magistrale"]
[Site "Bratto - Castione della Presolana ITA"]
[Date "2002.08.20"]
[Round "1"]
[White "Epishin, Vladimir V."]
[Black "Piantoni, Roberto"]
[Result "1-0"]
[WhiteElo "2643"]
[BlackElo "2171"]
[PlyCount "89"]
[EventDate "2002.08.20"]

1.d4 Nf6 2.c4 c5 3.d5 b5 4.cxb5 a6 5.bxa6 Bxa6 6.Nc3 g6 7.g3 d6 8.Bg2 Bg7 
9.Nf3 Nbd7 10.Rb1 Nb6 11.b3 Bc8 12.Nh4 h6 13.Qc2 Qd7 14.Bb2 g5 15.Nf3 Qf5 
16.Qd1 O-O 17.O-O Qg6 18.a4 Bf5 19.Rc1 Qh5 20.Re1 Nh7 21.Ba1 Bh3 22.Bh1 f5
23.Nb5 Bxa1 24.Rxa1 f4 25.a5 fxg3 26.hxg3 Nd7 27.Nc7 Rac8 28.Ne6 Bxe6 29.
dxe6 Ndf6 30.Nh2 g4 31.e4 Ng5 32.Bg2 Nxe6 33.a6 Nd4 34.e5 dxe5 35.a7 e4 
36.Bxe4 Nxe4 37.Rxe4 Nf3+ 38.Nxf3 gxf3 39.Rxe7 Ra8 40.Qd7 Qg5 41.Qe6+ Kh8 
42.Ra6 h5 43.Qh6+ Qxh6 44.Rxh6+ Kg8 45.Rxh5 1-0

[Event "XXII Festival Conca della Presolana Magistrale"]
[Site "Bratto - Castione della Presolana ITA"]
[Date "2002.08.20"]
[Round "1"]
[White "Fuggetta, Leonardo"]
[Black "Salami, Marco"]
[Result "1/2-1/2"]
[WhiteElo "2051"]
[BlackElo "2206"]
[PlyCount "37"]
[EventDate "2002.08.20"]

1.c4 f5 2.g3 Nf6 3.Bg2 g6 4.Nc3 Bg7 5.d3 e5 6.e4 d6 7.Nge2 Nc6 8.Nd5 h6 9.
b4 O-O 10.b5 Ne7 11.Nxf6+ Rxf6 12.Bb2 Qf8 13.exf5 gxf5 14.f4 Rf7 15.O-O 
Kh7 16.a4 Ng6 17.Qc2 Rb8 18.a5 Bd7 19.Rab1 1/2-1/2

[Event "XXII Festival Conca della Presolana Magistrale"]
[Site "Bratto - Castione della Presolana ITA"]
[Date "2002.08.20"]
[Round "1"]
[White "Galli, Fabio"]
[Black "Guido, Flavio"]
[Result "1/2-1/2"]
[WhiteElo "2087"]
[BlackElo "2327"]
[PlyCount "125"]
[EventDate "2002.08.20"]

1.e4 c5 2.Nf3 e6 3.d4 cxd4 4.Nxd4 Nf6 5.Nc3 d6 6.Bc4 a6 7.a4 Be7 8.O-O O-O
9.Be3 Nc6 10.Qe2 Qc7 11.f4 Re8 12.Rad1 Bd7 13.f5 Nxd4 14.Bxd4 e5 15.Bf2 
Rac8 16.Bb3 Bc6 17.Bh4 Qb6+ 18.Kh1 Qb4 19.Bxf6 Bxf6 20.Nd5 Bxd5 21.Rxd5 h6
22.Rfd1 Red8 23.a5 Rc5 24.Rxc5 Qxc5 25.Qd2 Rd7 26.Ba4 Bg5 27.Qd5 Rc7 28.
Qxd6 Qxd6 29.Rxd6 Rc4 30.Bb3 Rxe4 31.g3 Re1+ 32.Kg2 e4 33.Rd7 Re2+ 34.Kf1 
Rxh2 35.Rxf7 e3 36.Rf6+ Kh7 37.Rf8 h5 38.Bf7 Bf6 39.Re8 Rxc2 40.Rxe3 Rxb2 
41.Bxh5 Rb5 42.Bf3 Rxa5 43.Bxb7 Rxf5+ 44.Ke2 Ra5 45.Re4 Ra3 46.g4 a5 47.
Bc6 Kh6 48.Ra4 Rc3 49.Bb5 Rc5 50.Bd7 Kg5 51.Kf3 Bc3 52.Rf4 g6 53.Re4 Rd5 
54.Be8 Rd6 55.Bb5 Kf6 56.Rc4 Rd3+ 57.Ke4 Rg3 58.Bd7 Ke7 59.Bc8 Kd6 60.Kf4 
Be5+ 61.Kg5 Rc3 62.Rxc3 Bxc3 63.Ba6 1/2-1/2

[Event "XXII Festival Conca della Presolana Magistrale"]
[Site "Bratto - Castione della Presolana ITA"]
[Date "2002.08.20"]
[Round "1"]
[White "Griffa, Roberto"]
[Black "Zichichi, Alvise"]
[Result "1/2-1/2"]
[WhiteElo "2080"]
[BlackElo "2312"]
[PlyCount "93"]
[EventDate "2002.08.20"]

1.d4 d5 2.c4 c6 3.cxd5 cxd5 4.Nf3 Nc6 5.Nc3 Nf6 6.Bf4 a6 7.Ne5 e6 8.e3 Bd6
9.Nd3 Be7 10.Be2 O-O 11.O-O Nd7 12.Rc1 g5 13.Bg3 f5 14.f3 Rf7 15.Ne5 Ndxe5
16.Bxe5 Bd7 17.Kh1 Nxe5 18.dxe5 Bc6 19.Qd4 Qa5 20.Qd2 Re8 21.a3 f4 22.Rfd1
Qb6 23.exf4 gxf4 24.b4 Qf2 25.Qd4 Qxd4 26.Rxd4 Rf5 27.Bd3 Rxe5 28.Rxf4 Rf8
29.Rg4+ Kh8 30.f4 Re3 31.Rg3 Rxg3 32.hxg3 Bf6 33.Ne2 Bb2 34.Rb1 Bf6 35.Rc1
Kg7 36.Bxa6 Ra8 37.Bxb7 Bxb7 38.Rc7+ Kg6 39.Rxb7 Rxa3 40.Kh2 Rb3 41.g4 Bb2
42.f5+ exf5 43.Nf4+ Kg5 44.Nxd5 fxg4 45.Rxh7 Be5+ 46.Kg1 Rd3 47.Rd7 
1/2-1/2

[Event "XXII Festival Conca della Presolana Magistrale"]
[Site "Bratto - Castione della Presolana ITA"]
[Date "2002.08.20"]
[Round "1"]
[White "Lanzani, Mario"]
[Black "Lapiccirella, Daniele"]
[Result "1/2-1/2"]
[WhiteElo "2349"]
[BlackElo "2097"]
[PlyCount "89"]
[EventDate "2002.08.20"]

1.e4 c5 2.Nf3 e6 3.d4 cxd4 4.Nxd4 Nc6 5.Nc3 a6 6.Nxc6 bxc6 7.Bd3 d6 8.O-O 
Nf6 9.Kh1 Be7 10.f4 Qc7 11.Qe2 e5 12.fxe5 dxe5 13.Bg5 O-O 14.Bc4 a5 15.
Bxf6 Bxf6 16.Rf2 Qe7 17.Nd1 Be6 18.Ne3 g6 19.a4 Bg7 20.Rd1 Rad8 21.Rff1 
Rd4 22.Bxe6 Qxe6 23.Rxd4 exd4 24.Nc4 f5 25.e5 Re8 26.Re1 Qd5 27.b3 Re7 28.
Qd2 Bxe5 29.Qxa5 c5 30.Nb6 Qd8 31.Qa8 Qxa8 32.Nxa8 c4 33.bxc4 Ra7 34.Nb6 
Bc7 35.c5 Ra5 36.Nd5 Rxc5 37.Re8+ Kg7 38.Re7+ Kh6 39.Rxc7 Rxd5 40.h3 d3 
41.cxd3 Rxd3 42.Kh2 Rd4 43.a5 Ra4 44.Rc5 Kg5 45.Kg3 1/2-1/2

[Event "XXII Festival Conca della Presolana Magistrale"]
[Site "Bratto - Castione della Presolana ITA"]
[Date "2002.08.20"]
[Round "1"]
[White "Lapiccirella, Mattia"]
[Black "Paoli, Enrico"]
[Result "1-0"]
[WhiteElo "2192"]
[BlackElo "1973"]
[PlyCount "71"]
[EventDate "2002.08.20"]

1.d4 d5 2.c4 c6 3.Nf3 Nf6 4.e3 e6 5.Nc3 Be7 6.Qc2 O-O 7.b3 Nbd7 8.Bd3 h6 
9.O-O b6 10.e4 dxe4 11.Nxe4 Nxe4 12.Bxe4 Bb7 13.Rd1 Qc7 14.Qe2 Bf6 15.Bb2 
Rfd8 16.Rd3 c5 17.Bxb7 Qxb7 18.Rad1 Nf8 19.dxc5 Rxd3 20.Rxd3 Bxb2 21.Qxb2 
bxc5 22.Qd2 f6 23.h3 a5 24.Rd8 Rxd8 25.Qxd8 a4 26.bxa4 Qb4 27.Kh2 Qb2 28.
Nh4 Qc2 29.a5 g5 30.a6 gxh4 31.a7 Qxf2 32.Qd6 e5 33.Qd5+ Kg7 34.Qf3 Qe1 
35.a8=Q Ne6 36.Qac6 1-0

[Event "XXII Festival Conca della Presolana Magistrale"]
[Site "Bratto - Castione della Presolana ITA"]
[Date "2002.08.20"]
[Round "1"]
[White "Lovati, Paolo"]
[Black "Cugini, Verter"]
[Result "1-0"]
[WhiteElo "2057"]
[BlackElo "2231"]
[PlyCount "69"]
[EventDate "2002.08.20"]

1.c4 e5 2.g3 c5 3.Bg2 g6 4.Nc3 Bg7 5.d3 Nc6 6.Nf3 Nge7 7.Bg5 h6 8.Bd2 a6 
9.a3 Rb8 10.O-O b5 11.b3 O-O 12.Qc1 Nf5 13.Nd5 Ncd4 14.Nxd4 Nxd4 15.Qd1 
bxc4 16.bxc4 Bb7 17.e3 Bxd5 18.Bxd5 Nb3 19.Rb1 Nxd2 20.Qxd2 Kh7 21.Rxb8 
Qxb8 22.Qc2 f5 23.Rb1 Qd6 24.Qb3 f4 25.Qb6 Qf6 26.Qxf6 Rxf6 27.Rb7 fxe3 
28.fxe3 Rd6 29.Kf2 h5 30.Kf3 Kh6 31.Ke4 Kg5 32.h3 h4 33.g4 Rf6 34.Rxd7 Rf2
35.Rxg7 1-0

[Event "XXII Festival Conca della Presolana Magistrale"]
[Site "Bratto - Castione della Presolana ITA"]
[Date "2002.08.20"]
[Round "1"]
[White "Marchand, Francois"]
[Black "Marinelli, Gian Marco"]
[Result "1-0"]
[WhiteElo "2237"]
[BlackElo "2060"]
[PlyCount "55"]
[EventDate "2002.08.20"]

1.d4 Nf6 2.c4 g6 3.Nc3 Bg7 4.e4 d6 5.Nf3 O-O 6.Be2 e5 7.O-O Nc6 8.d5 Ne7 
9.Ne1 Nd7 10.Be3 f5 11.f3 f4 12.Bf2 g5 13.Rc1 Nf6 14.c5 Bd7 15.Qb3 g4 16.
c6 g3 17.hxg3 fxg3 18.Bxg3 Nh5 19.Bh4 Bh6 20.f4 Nxf4 21.cxd7 Nxe2+ 22.Nxe2
Rxf1+ 23.Kxf1 Qf8+ 24.Kg1 Bxc1 25.Nxc1 Rd8 26.Qg3+ Kh8 27.Qg4 Qf7 28.Qe6 
1-0

[Event "XXII Festival Conca della Presolana Magistrale"]
[Site "Bratto - Castione della Presolana ITA"]
[Date "2002.08.20"]
[Round "1"]
[White "Mascheroni, Maurizio"]
[Black "Bresciani, Nicola"]
[Result "0-1"]
[WhiteElo "2068"]
[BlackElo "2270"]
[PlyCount "36"]
[EventDate "2002.08.20"]

1.e4 c5 2.b3 Nc6 3.Bb2 e5 4.Bb5 d6 5.Ne2 Nf6 6.d3 Be7 7.O-O O-O 8.Bxc6 
bxc6 9.Qd2 Nh5 10.Nbc3 Bg5 11.Qe1 g6 12.Ng3 Nf4 13.Nce2 Ne6 14.Bc1 Bf4 15.
Be3 h5 16.Nc3 Qg5 17.Qd2 Nd4 18.Bxf4 exf4 0-1

[Event "XXII Festival Conca della Presolana Magistrale"]
[Site "Bratto - Castione della Presolana ITA"]
[Date "2002.08.20"]
[Round "1"]
[White "Mazzariol, Oscar"]
[Black "Godena, Michele"]
[Result "0-1"]
[WhiteElo "2151"]
[BlackElo "2488"]
[PlyCount "64"]
[EventDate "2002.08.20"]

1.e4 e5 2.Nf3 Nc6 3.Bb5 a6 4.Ba4 Nf6 5.Qe2 Bd6 6.O-O O-O 7.c3 Re8 8.d3 h6 
9.Nbd2 Bf8 10.Re1 b5 11.Bb3 Na5 12.Bc2 c5 13.Nf1 Bb7 14.Bd2 c4 15.b4 cxd3 
16.Bxd3 Nc4 17.Bxc4 bxc4 18.Ng3 d5 19.exd5 Qxd5 20.Rad1 Qc6 21.Nf1 Rad8 
22.Ne3 Rd3 23.Rc1 Nh5 24.Qf1 Nf4 25.Nxc4 Nh3+ 26.Kh1 Rxf3 27.Na5 Nxf2+ 28.
Qxf2 Rxf2 29.Nxc6 Bxc6 30.Be3 Rxg2 31.h3 Re6 32.a4 Reg6 0-1

[Event "XXII Festival Conca della Presolana Magistrale"]
[Site "Bratto - Castione della Presolana ITA"]
[Date "2002.08.20"]
[Round "1"]
[White "Menoni, Vincenzo"]
[Black "Podini, Francesco"]
[Result "1-0"]
[WhiteElo "2228"]
[BlackElo "2054"]
[PlyCount "81"]
[EventDate "2002.08.20"]

1.e4 c5 2.Nc3 Nc6 3.Nge2 e6 4.g3 Nf6 5.Bg2 Be7 6.O-O d6 7.h3 O-O 8.f4 a6 
9.g4 Qc7 10.Ng3 Nd7 11.d3 b5 12.Be3 Rb8 13.g5 Nd4 14.Qd2 Re8 15.Nd1 b4 16.
Nf2 a5 17.c3 bxc3 18.bxc3 Nc6 19.Ng4 Bf8 20.Nh5 Ba6 21.Rf2 a4 22.Rc1 a3 
23.Bf1 Rb2 24.Qd1 Be7 25.Qf3 Reb8 26.Qg3 g6 27.Nhf6+ Nxf6 28.gxf6 Bf8 29.
f5 Rxf2 30.Qxf2 exf5 31.exf5 Rb2 32.Qh4 d5 33.fxg6 hxg6 34.Bg2 Qd6 35.Rf1 
Bxd3 36.Bh6 Rxg2+ 37.Kxg2 Bxf1+ 38.Kxf1 Bxh6 39.Nxh6+ Kf8 40.Nf5 gxf5 41.
Qh8# 1-0

[Event "XXII Festival Conca della Presolana Magistrale"]
[Site "Bratto - Castione della Presolana ITA"]
[Date "2002.08.20"]
[Round "1"]
[White "Pagnoncelli, Marco"]
[Black "Tatai, Stefano"]
[Result "1/2-1/2"]
[WhiteElo "2101"]
[BlackElo "2356"]
[PlyCount "59"]
[EventDate "2002.08.20"]

1.e4 c5 2.Nf3 d6 3.d4 Nf6 4.Nc3 cxd4 5.Nxd4 a6 6.Bg5 e6 7.f4 Be7 8.Qf3 Qc7
9.O-O-O Nbd7 10.g4 h6 11.Bxf6 Bxf6 12.h4 g5 13.hxg5 hxg5 14.Rxh8+ Bxh8 15.
f5 Bxd4 16.Rxd4 Qc5 17.fxe6 fxe6 18.Rd1 Qe5 19.Qh3 b5 20.Qh5+ Kd8 21.Ne2 
Nf6 22.Qf7 Bd7 23.Qf8+ Ne8 24.Kb1 Rc8 25.Bg2 Bc6 26.Nd4 Bxe4 27.Bxe4 Qxe4 
28.Qf7 Nc7 29.Qf8+ Kd7 30.Qf7+ 1/2-1/2

[Event "XXII Festival Conca della Presolana Magistrale"]
[Site "Bratto - Castione della Presolana ITA"]
[Date "2002.08.20"]
[Round "1"]
[White "Pienabarca, Nicola"]
[Black "Cacco, Christian"]
[Result "0-1"]
[WhiteElo "2062"]
[BlackElo "2248"]
[PlyCount "104"]
[EventDate "2002.08.20"]

1.d4 c5 2.d5 e5 3.c4 d6 4.Nc3 Be7 5.Nf3 Nf6 6.e4 Na6 7.Be2 Nc7 8.O-O O-O 
9.a3 a5 10.Bd2 Bd7 11.Qc2 h6 12.Rab1 a4 13.Nh4 Nfxd5 14.exd5 Bxh4 15.f4 
exf4 16.Bxf4 Ne8 17.Ne4 Ra6 18.Bd3 f5 19.Ng3 Qf6 20.Bd2 g6 21.Bxh6 Rf7 22.
Bd2 Qd4+ 23.Rf2 Rb6 24.Bc3 Qg4 25.Rf3 Bf6 26.Ne2 Be5 27.Rbf1 Ng7 28.Nf4 
Nh5 29.Nxh5 Qxh5 30.Rh3 Qg5 31.Re1 Re7 32.Bxe5 dxe5 33.Qf2 f4 34.Qh4 Qxh4 
35.Rxh4 Rf6 36.Be4 Rb6 37.g3 fxg3 38.hxg3 Kg7 39.Rh2 Bf5 40.Bxf5 gxf5 41.
Re3 e4 42.Rhe2 Rg6 43.Kf2 Kf6 44.b3 axb3 45.Rxb3 Ke5 46.Reb2 Kd4 47.Rxb7 
Rxb7 48.Rxb7 Kxc4 49.Rf7 Kd3 50.Rxf5 c4 51.d6 Rxd6 52.Rc5 c3 0-1

[Event "XXII Festival Conca della Presolana Magistrale"]
[Site "Bratto - Castione della Presolana ITA"]
[Date "2002.08.20"]
[Round "1"]
[White "Piva, Giorgio"]
[Black "Borgo, Giulio"]
[Result "0-1"]
[WhiteElo "2135"]
[BlackElo "2420"]
[PlyCount "76"]
[EventDate "2002.08.20"]

1.d4 d5 2.c4 e6 3.Nc3 c6 4.cxd5 exd5 5.Nf3 Bd6 6.Bg5 Ne7 7.e3 Qb6 8.Bxe7 
Bxe7 9.a3 a5 10.Qc2 Bg4 11.Ne5 Bh5 12.Bd3 Bf6 13.f4 Bxe5 14.fxe5 Nd7 15.
O-O Qd8 16.e4 Nb6 17.Rae1 dxe4 18.Rxe4 Bg6 19.Ref4 O-O 20.Bxg6 hxg6 21.Qe2
Qe7 22.Qf3 c5 23.Nd5 Nxd5 24.Qxd5 Rac8 25.h3 b6 26.Kh2 cxd4 27.Rxd4 Rc5 
28.Qd6 Qxe5+ 29.Qxe5 Rxe5 30.Rd6 Rb5 31.Rf2 Rb3 32.Rd7 g5 33.Rb7 f5 34.Rd2
Rf6 35.Rdd7 Rg6 36.Rb8+ Kh7 37.Rdd8 Rf6 38.Rd2 g4 0-1

[Event "XXII Festival Conca della Presolana Magistrale"]
[Site "Bratto - Castione della Presolana ITA"]
[Date "2002.08.20"]
[Round "1"]
[White "Popa, Claudiu"]
[Black "Castaldo, Folco"]
[Result "0-1"]
[WhiteElo "2081"]
[BlackElo "2319"]
[PlyCount "130"]
[EventDate "2002.08.20"]

1.e4 c5 2.c3 Nf6 3.e5 Nd5 4.d4 cxd4 5.cxd4 d6 6.Nf3 Nc6 7.Bc4 e6 8.O-O Be7
9.Qe2 O-O 10.a3 Qb6 11.Qe4 Na5 12.Nbd2 Nxc4 13.Nxc4 Qc7 14.Nxd6 Bxd6 15.
exd6 Qxd6 16.Ng5 Nf6 17.Qh4 Bd7 18.Rd1 Bc6 19.Bf4 Qd5 20.f3 Qf5 21.Nh3 Nd5
22.Qg5 Qxg5 23.Bxg5 f6 24.Bd2 g5 25.Nf2 Kf7 26.Nd3 Rfd8 27.Rac1 Ne7 28.Bc3
Nf5 29.Nc5 Bd5 30.Kf2 h5 31.h3 Rg8 32.Ne4 Rad8 33.Ba5 Rc8 34.Rxc8 Rxc8 35.
Bc3 Rc7 36.Ng3 Ng7 37.Ne4 Ne8 38.Rd2 b6 39.Ke3 Kg6 40.Ng3 Nd6 41.Rd1 f5 
42.Nf1 f4+ 43.Kf2 Nb5 44.Bb4 Rc2+ 45.Rd2 Rxd2+ 46.Nxd2 Nxd4 47.Ne4 Bxe4 
48.fxe4 Kf6 49.Bd6 Nb3 50.Ke2 e5 51.Bb8 a6 52.Ba7 b5 53.Bb6 Nd4+ 54.Kd3 
Nc6 55.a4 g4 56.hxg4 hxg4 57.axb5 axb5 58.Bc5 Kg5 59.Bg1 Kh4 60.Bf2+ g3 
61.Bc5 Kg4 62.Ke2 Nd4+ 63.Kf1 f3 64.Bd6 Kf4 65.gxf3 Kxf3 0-1

[Event "XXII Festival Conca della Presolana Magistrale"]
[Site "Bratto - Castione della Presolana ITA"]
[Date "2002.08.20"]
[Round "1"]
[White "Preiss, Martin"]
[Black "Capece, Adolivio"]
[Result "1-0"]
[WhiteElo "2265"]
[BlackElo "2067"]
[PlyCount "91"]
[EventDate "2002.08.20"]

1.c4 Nf6 2.Nc3 c5 3.g3 g6 4.Bg2 Bg7 5.Nf3 Nc6 6.d4 cxd4 7.Nxd4 O-O 8.Nc2 
d6 9.O-O Bd7 10.b3 Qc8 11.Bd2 Bh3 12.Rc1 Bxg2 13.Kxg2 Qd7 14.e4 Rac8 15.
Ne3 Ne5 16.Qe2 Nc6 17.Rfd1 Nd4 18.Qd3 Ne6 19.f3 Nh5 20.Ned5 Nc5 21.Qe2 e6 
22.Nf4 Nf6 23.Be3 Qe7 24.Nb5 Rfd8 25.Nxa7 Ra8 26.Nb5 g5 27.Nd3 g4 28.Nxc5 
gxf3+ 29.Kxf3 dxc5 30.Rxd8+ Rxd8 31.Rd1 Nd7 32.Kg2 Ra8 33.a3 b6 34.Qd2 Nf6
35.Qd3 Ng4 36.Bf4 e5 37.Bc1 Qf6 38.Rf1 Qg6 39.Nc7 Rf8 40.Nd5 Qe6 41.Qf3 
Kh8 42.Qf5 Qxf5 43.Rxf5 Rb8 44.a4 Kg8 45.h3 Nh6 46.Rh5 1-0

[Event "XXII Festival Conca della Presolana Magistrale"]
[Site "Bratto - Castione della Presolana ITA"]
[Date "2002.08.20"]
[Round "1"]
[White "Ranieri, Fabrizio"]
[Black "Cebalo, Miso"]
[Result "0-1"]
[WhiteElo "2161"]
[BlackElo "2548"]
[PlyCount "58"]
[EventDate "2002.08.20"]

1.e4 c5 2.Nf3 d6 3.d4 Nf6 4.Nc3 cxd4 5.Nxd4 g6 6.f3 Bg7 7.Be3 O-O 8.Qd2 
Nc6 9.O-O-O Nxd4 10.Bxd4 Be6 11.Kb1 Qc7 12.g4 Rfc8 13.h4 Qa5 14.a3 Rab8 
15.Bxf6 Bxf6 16.Nd5 Qxd2 17.Nxf6+ Kg7 18.Rxd2 Kxf6 19.g5+ Kg7 20.Bh3 Rc5 
21.Rd4 h6 22.f4 hxg5 23.hxg5 Rh8 24.Bg2 Rxh1+ 25.Bxh1 f6 26.gxf6+ Kxf6 27.
b4 Rh5 28.Bf3 Rh3 29.Bg2 Rxa3 0-1

[Event "XXII Festival Conca della Presolana Magistrale"]
[Site "Bratto - Castione della Presolana ITA"]
[Date "2002.08.20"]
[Round "1"]
[White "Rebeggiani, Andrea"]
[Black "Giretti Kanev, Jasen"]
[Result "0-1"]
[WhiteElo "2003"]
[BlackElo "2193"]
[PlyCount "50"]
[EventDate "2002.08.20"]

1.e4 e6 2.d4 d5 3.Nc3 Nf6 4.e5 Nfd7 5.f4 c5 6.Nf3 Nc6 7.Be3 Qb6 8.Na4 Qa5+
9.c3 cxd4 10.b4 Qc7 11.Bxd4 a6 12.Be2 b5 13.Nb2 Nxd4 14.Qxd4 Be7 15.a4 
bxa4 16.Nxa4 O-O 17.O-O a5 18.Rfc1 Bb7 19.c4 Rfc8 20.bxa5 Rxa5 21.Qb2 Ba6 
22.cxd5 Qa7+ 23.Kh1 Rxc1+ 24.Qxc1 Bxe2 25.Qc8+ Bf8 0-1

[Event "XXII Festival Conca della Presolana Magistrale"]
[Site "Bratto - Castione della Presolana ITA"]
[Date "2002.08.20"]
[Round "1"]
[White "Ricci, Alfredo"]
[Black "Marzano, Carlo"]
[Result "1/2-1/2"]
[WhiteElo "2067"]
[BlackElo "2258"]
[PlyCount "116"]
[EventDate "2002.08.20"]

1.e4 Nc6 2.d4 e5 3.dxe5 Nxe5 4.Nf3 Nxf3+ 5.Qxf3 Qf6 6.Be2 Bb4+ 7.c3 Bc5 8.
O-O Qxf3 9.Bxf3 d6 10.Re1 f6 11.Nd2 Ne7 12.b4 Bb6 13.Nc4 Be6 14.Be2 O-O-O 
15.a4 Bxc4 16.Bxc4 a6 17.a5 Ba7 18.b5 axb5 19.Bxb5 c6 20.Bf1 Bc5 21.c4 Bb4
22.Rd1 Kc7 23.Be3 c5 24.Bd2 Nc6 25.Bxb4 Nxb4 26.g3 Ra8 27.f4 Nc2 28.Ra2 
Nd4 29.Bg2 Ra7 30.Rb1 Rha8 31.Rab2 Nc6 32.e5 fxe5 33.fxe5 Nxa5 34.exd6+ 
Kxd6 35.Bxb7 Rb8 36.Bd5 Rxb2 37.Rxb2 Ra6 38.Kg2 Ke5 39.h4 Kd4 40.Ra2 Kc3 
41.Kh3 Ra7 42.Kg4 Kb4 43.Kg5 Rd7 44.Rb2+ Kc3 45.Rb1 Nxc4 46.Be6 Re7 47.
Rc1+ Kd2 48.Rxc4 Rxe6 49.Rxc5 Ke3 50.h5 Re7 51.Rf5 Ke4 52.g4 Re5 53.Rxe5+ 
Kxe5 54.Kh4 Kf4 55.Kh3 Kf3 56.Kh4 h6 57.Kh3 Kf4 58.Kh4 Kf3 1/2-1/2

[Event "XXII Festival Conca della Presolana Magistrale"]
[Site "Bratto - Castione della Presolana ITA"]
[Date "2002.08.20"]
[Round "1"]
[White "Romanishin, Oleg M."]
[Black "Scotti, Umberto"]
[Result "1-0"]
[WhiteElo "2559"]
[BlackElo "2166"]
[PlyCount "96"]
[EventDate "2002.08.20"]

1.d4 d5 2.c4 e6 3.Nf3 c6 4.g3 f5 5.Bf4 Nf6 6.Bg2 Be7 7.O-O O-O 8.Nbd2 Ne4 
9.Qc2 Nd7 10.Nb3 Ndf6 11.Ne5 Bd7 12.f3 Nd6 13.Nc5 Bc8 14.Rad1 Nf7 15.Ncd3 
Nxe5 16.dxe5 Ne8 17.c5 g5 18.Bc1 Ng7 19.e4 Bd7 20.Rfe1 fxe4 21.fxe4 Be8 
22.Nf2 Bh5 23.g4 Bg6 24.Be3 Qc7 25.Qc3 Rad8 26.b4 Rf7 27.a4 a6 28.b5 axb5 
29.axb5 Ra8 30.b6 Qd7 31.Ra1 Rff8 32.Ra7 Rad8 33.Rd1 Qc8 34.h3 Rd7 35.Rd2 
Qd8 36.Raa2 Qb8 37.Nh1 Rfd8 38.Ng3 h6 39.Ra1 dxe4 40.Rxd7 Rxd7 41.Nxe4 
Bxe4 42.Bxe4 Qd8 43.Qc2 Qb8 44.Qc3 Qd8 45.Kg2 h5 46.Rf1 Rd1 47.Rf2 Qa8 48.
gxh5 Qa4 1-0

[Event "XXII Festival Conca della Presolana Magistrale"]
[Site "Bratto - Castione della Presolana ITA"]
[Date "2002.08.20"]
[Round "1"]
[White "Schuurman, Petra"]
[Black "Aglietti, Graziano"]
[Result "1-0"]
[WhiteElo "2272"]
[BlackElo "2069"]
[PlyCount "39"]
[EventDate "2002.08.20"]

1.d4 Nf6 2.c4 d5 3.cxd5 Nxd5 4.e4 Nf6 5.Nc3 e5 6.d5 c6 7.Bg5 Bc5 8.Qd2 Qb6
9.Nf3 cxd5 10.Bxf6 gxf6 11.exd5 Rg8 12.g3 Bd7 13.Bg2 Bb5 14.Ne4 Na6 15.
O-O-O Nb4 16.a3 Nd3+ 17.Kb1 Bxa3 18.bxa3 Bc4+ 19.Ka1 Qb5 20.Nd6+ 1-0

[Event "XXII Festival Conca della Presolana Magistrale"]
[Site "Bratto - Castione della Presolana ITA"]
[Date "2002.08.20"]
[Round "1"]
[White "Sedina, Elena"]
[Black "Rosin, Federico"]
[Result "1-0"]
[WhiteElo "2416"]
[BlackElo "2127"]
[PlyCount "59"]
[EventDate "2002.08.20"]

1.e4 c5 2.Nf3 e6 3.c3 d5 4.e5 d4 5.Bd3 Nc6 6.O-O Nh6 7.Na3 Be7 8.Qe2 Nf5 
9.Be4 O-O 10.d3 Bd7 11.Nc2 Qb6 12.g4 Nh6 13.h3 Rad8 14.Na3 Kh8 15.Bf4 Ng8 
16.Ng5 Bxg5 17.Bxg5 f6 18.exf6 Nxf6 19.Nc4 Qc7 20.a4 Rde8 21.Bxf6 gxf6 22.
f4 f5 23.Bxc6 Bxc6 24.g5 dxc3 25.bxc3 Kg8 26.Ne5 b6 27.Kh2 Ba8 28.Rg1 Kg7 
29.Qh5 Qd6 30.Qh6+ 1-0

[Event "XXII Festival Conca della Presolana Magistrale"]
[Site "Bratto - Castione della Presolana ITA"]
[Date "2002.08.20"]
[Round "1"]
[White "Temi, Walter"]
[Black "Mola, Pietro"]
[Result "1/2-1/2"]
[WhiteElo "2073"]
[BlackElo "2277"]
[PlyCount "62"]
[EventDate "2002.08.20"]

1.e4 c5 2.Nf3 d6 3.c3 Nf6 4.Be2 g6 5.O-O Bg7 6.Bb5+ Nbd7 7.Re1 a6 8.Bf1 
O-O 9.d4 e5 10.dxe5 dxe5 11.a4 b6 12.Bg5 Qc7 13.Nbd2 Bb7 14.Bc4 h6 15.Bh4 
Rad8 16.Qe2 Nb8 17.Red1 Rd7 18.Ne1 Kh7 19.f3 Nh5 20.Nd3 Nc6 21.Nf2 Nf4 22.
Qf1 Nb8 23.Nb3 Rxd1 24.Nxd1 f5 25.exf5 Rxf5 26.Ne3 Rf8 27.Bg3 e4 28.Nd5 
Bxd5 29.Bxd5 e3 30.Be4 Qd7 31.Qe1 Nd3 1/2-1/2

[Event "XXII Festival Conca della Presolana Magistrale"]
[Site "Bratto - Castione della Presolana ITA"]
[Date "2002.08.20"]
[Round "1"]
[White "Trabert, Bettina"]
[Black "Bellincampi, Stefano"]
[Result "1-0"]
[WhiteElo "2320"]
[BlackElo "2082"]
[PlyCount "35"]
[EventDate "2002.08.20"]

1.e4 e5 2.Nf3 Nc6 3.d4 exd4 4.Nxd4 Nf6 5.Nc3 Bb4 6.Nxc6 bxc6 7.Bd3 O-O 8.
O-O Re8 9.Bg5 h6 10.Bh4 d6 11.f4 Bb7 12.Ne2 g5 13.fxg5 Ng4 14.Nd4 Bc5 15.
Qxg4 Bxd4+ 16.Kh1 hxg5 17.Bxg5 Qc8 18.Rf5 1-0